| 000 | 00693nam a22001937a 4500 | ||
|---|---|---|---|
| 008 | 161007b xxu||||| |||| 00| 0 eng d | ||
| 020 | _a9717251128 | ||
| 082 |
_22004 _aDFil 370.1 _bV52 |
||
| 100 |
_915778 _aVega, Violeta A. |
||
| 245 |
_aPsychological, anthropological, and sociological foundations of education/ _cVioleta A. Vega |
||
| 260 |
_aMakati City: _bGrandwater Publications, _cc2004. |
||
| 300 |
_a135 pages; _c25 cm. |
||
| 500 | _aIncludes bibliographical references. | ||
| 650 | 0 |
_915779 _aEducation _xPsychological aspects. |
|
| 650 | 0 |
_915780 _aEducation _xSocial aspects. |
|
| 650 | 0 |
_915781 _aEducation _xAnthropological aspects. |
|
| 365 |
_b205.00 _cPhp. |
||
| 942 |
_2ddc _cDFIL |
||
| 999 |
_c5047 _d5047 |
||